Empoderamiento de las jóvenes mexicanas y prevención de la violencia en el noviazgo /
Zapisane w:
| 1. autor: | |
|---|---|
| Format: | Texto |
| Etykiety: |
Dodaj etykietę
Nie ma etykietki, Dołącz pierwszą etykiete!
|
MARC
| LEADER | 00000 a a2200000 04500 | ||
|---|---|---|---|
| 001 | 48620 | ||
| 003 | |||
| 040 | |||
| 100 | |a Casique-Rodríguez, Irene | ||
| 245 | |a Empoderamiento de las jóvenes mexicanas y prevención de la violencia en el noviazgo / |c Irene Casique-Rodríguez | ||
| 773 | |g volumen20, número82, (2014), páginas 27-56 : tablas, gráficos | ||
| 999 | |c 38953 |d 38953 | ||
